000 00571nam a22001577a 4500
003 NUST
082 _a200
100 _aSaleem, Arfa
_9123040
245 _aDevelopment-induced Displacement and Dispossession: A Critical Discourse Analysis of the Construction of Dadhocha Dam in Rawalpindi /
_cArfa Saleem
264 _aIslamabad,
_bS3H NUST;
_c2024.
300 _a109,p;
_bill;
_c30,cm;
650 _aMS-Development Studies
_9123041
700 _aSupervisor:Dr. Arslan Waheed
_9123052
856 _uhttp://10.250.8.41:8080/xmlui/handle/123456789/43230
942 _2ddc
_cTHE
999 _c609367
_d609367